Meghalt Úr György
Elmentve itt :
| Szerző: | |
|---|---|
| Dokumentumtípus: | Cikk |
| Megjelent: |
1964-03-27
|
| Sorozat: | Délmagyarország
54 No. 73 |
| Kulcsszavak: | Úr György, Gyászjelentés Szeged 1964 |
| Online Access: | http://dmarchiv.bibl.u-szeged.hu/63628 |
| LEADER | 00466nab a2200157 i 4500 | ||
|---|---|---|---|
| 001 | delm63628 | ||
| 005 | 20180927151337.0 | ||
| 008 | 180927s1964 hu o 0|| hun d | ||
| 040 | |a SZTE Délmagyarország Archívum |b hun | ||
| 041 | |a hun | ||
| 100 | 1 | |a Péter László | |
| 245 | 1 | 0 | |a Meghalt Úr György |h [elektronikus dokumentum] / |c Péter László |
| 260 | |c 1964-03-27 | ||
| 300 | |a 5 | ||
| 490 | 0 | |a Délmagyarország |v 54 No. 73 | |
| 695 | |a Úr György, Gyászjelentés Szeged 1964 | ||